Pays les plus proches de Taïwan - Statistiques

Statistiques générales
  • Ce quiz a été pris 152 fois
  • Le résultat moyen est 16 sur 20
Statistiques - réponses
km pays % Correct
4 Chine
100%
107 Japon
96%
1088 Viêt Nam
95%
990 Corée du Sud
94%
1439 Corée du Nord
92%
1444 Laos
92%
156 Philippines
92%
1734 Thaïlande
89%
1606 Cambodge
88%
2033 Indonésie
87%
2115 Inde
86%
1664 Malaisie
86%
2069 Russie
84%
2195 Mongolie
83%
1774 Birmanie
77%
2599 Bangladesh
70%
2628 Bhoutan
67%
1977 Brunei
67%
2241 Micronésie
43%
2116 Palaos
40%
Aucun quiz correspondant
Distribution des résultats
% des personnes avec chaque résultat
Percentile par nombre de réponses
Votre historique - résultats
Vous n’avez pas pris ce quiz